000 nam a22 a 4500
999 _c959
_d959
003 AKMAL
005 20170508100053.0
008 170508s1994 my 00 may d
020 _a9838380717 (jil. 1: kkt.):
_cRM 7.50
020 _a9838380725 (jil. 2: kkt.):
_cRM 7.50
020 _a9838380733 (jil. 3: kkt.):
_cRM 7.50
020 _a9838380741 (jil. 4: kkt.):
_cRM 7.50
040 _aAKMAL
082 0 4 _a297.22 ASA
090 _a297.22
_bASA
100 1 _aAbdullah bin As'ad Ali
_92037
245 1 0 _aKisah wali-wali Allah /
_cSyaikul Imam Abdullah bin As'ad Ali
260 _aKuala Lumpur :
_bSyarikat Nurulhas,
_c1994
300 _a4jil. ;
_c19cm
500 _aMengandungi ayat-ayat Al-Quran
650 _aReligious life
_xIslam
_9819
650 _aIslam
_9922
942 _2ddc
_cBOOK